00345nam a2200133Ia 4500008004100000041000800041082001400049100002300063245004500086250001400131260003100145300003000176365000500206240624s9999 xx 000 0 und d aeng a519.5 RAO aRAO C RADHAKRISHNA aLINEAR STATISTICAL INFERENCE AND ITS APP a(2nd ed.) c2002aNew YorkbJohn Wiley axx, : 623 : p. : cm. ; 26 c